000 00984nam a2200241 u 4500
001 000002708
005 20260305073949.0
008 090701s1986 dr r 000 0 spa d
040 _aDO-SdBNP
_bspa
_cBNPHU
082 _a338.4791
_bE56i
111 2 _aEncuentro sobre Impacto Económico del Turismo en la República Dominicana
_d(1985 :
_cSanto Domingo)
_98544
245 1 3 _aImpacto económico del turismo en la República Dominicana /
_ceditor Frank Moya Pons.
260 _aSanto Domingo :
_bFORUM,
_c1986.
300 _a152 p. ;
_c22 cm.
490 1 _aForum
_v19
590 _aInventariado,2018/DG
650 4 _aTurismo
_zRepública Dominicana
_xCongresos, conferencias, etc.
_98545
650 4 _aDesarrollo económico
_xCongresos, conferencias, etc.
_98546
651 4 _aRepública Dominicana
_xCondiciones Económicas
_xCongresos, Conferencias, Etc.
_98547
700 1 2 _aMoya Pons, Frank,
_d1944-
_eed.
_92095
830 0 _aForum
_n19
_98548
910 _aValidado. Control de calidad MFF
999 _c2544
_d2544